000 00676cab a2200229 4500
001 WB2742-07
008 090401t1991 xxu||||| |||| 00| 0 eng d
035 _a(Sirsi) u27423
041 _aeng
245 _aCavity wall action planned
260 _c1991
350 _a0
490 _aContract Journal
_v360 (5845) 31 October 1991, 2(1)
520 _aNHBC plans to restrict the use of cavity wall insulation in new homes in order to reduce its warranty liability bill.
650 _aCAVITY WALL INSULATION
650 _aCAVITY WALLS
650 _aDAMP
650 _aRAINFALL
690 _aBUILT ENVIRONMENT-BUILDING MATERIALS
942 _n0
948 _c04/03/1997
999 _c18454
_d18454